000 00539nam a2200181Ia 4500
003 OSt
005 20230519051442.0
008 210423s1998 xx 000 0 und d
040 _cAL
041 _aeng
082 _a364
_223
_bSHAP
100 _aSHANKARDASS (Rani Dhavan),Ed.
_9109191
245 _aPunishment and the prison: indian and international perspectives.
260 _aNew Delhi
_bSage Publications
_c1998
365 _b550
_cINR
906 _aindian ; international ; perspectives. ; prison: ; Punishment
942 _2ddc
_cBK
999 _c172481
_d172481